000 00472nam a2200181Ia 4500
008 240925s9999 xx 000 0 und d
020 _a9781442558656
082 _a425 CLA
100 _aClark, Helene
245 0 _aGrammar and Writing
250 _aNA
260 _aNew Delhi:
_bPearson Education
_c,2011.
300 _a847p.
_bNA
_fOriginal
500 _aIncludes Index
600 _aHumanities & Natural Science
650 _aEnglish and Old English
942 _cBK
999 _c14813
_d14813